[Event "Canadian op U2000"]
[Site "Kitchener"]
[Date "2006.07.21"]
[Round "7"]
[White "Bergeron, Florian"]
[Black "Heinisch, Peter"]
[Result "1-0"]
[WhiteElo "1814"]
[BlackElo "1712"]
[PlyCount "91"]
[EventDate "2006.07.15"]
[EventType "swiss"]
[EventRounds "9"]
[EventCountry "CAN"]
[SourceTitle "CBM 113 Extra"]
[Source "ChessBase"]
[SourceDate "2006.09.14"]
[SourceVersion "1"]
[SourceVersionDate "2006.09.14"]
[SourceQuality "1"]

1. d4 Nf6 2. c4 e6 3. a3 d5 4. e3 Be7 5. Nf3 0-0 6. Nc3 dxc4 7. Bxc4 b6 8. Qe2 Bb7 9. e4 Re8 10. 0-0 c5 11. dxc5 Bxc5 12. Bg5 Be7 13. Rfd1 Qc8 14. Rac1 Ba6 15. Nb5 Qb7 16. Nc7 Bxc4 17. Rxc4 Rc8 18. Nxa8 Bc5 19. Bxf6 gxf6 20. b4 Be7 21. Rdc1 Rxc4 22. Qxc4 Qxa8 23. Qc8+ Kg7 24. h3 Bd6 25. Qd8 Bf4 26. Rc4 b5 27. Rd4 Qc6 28. g3 Bc7 29. Qc8 Qb6 30. Kg2 a5 31. bxa5 Qxa5 32. Qb7 Bb6 33. Rd3 Na6 34. Rd6 Bc5 35. Rxa6 Qc3 36. Qxb5 Qc2 37. Qf1 Qxe4 38. a4 h5 39. h4 f5 40. Ra5 Bb6 41. Rb5 Ba7 42. a5 f6 43. a6 Kg6 44. Rb7 Bc5 45. Qd1 f4 46. Qd7 1-0

[Event "Canadian op U2000"]
[Site "Kitchener"]
[Date "2006.07.20"]
[Round "6"]
[White "Ferreira, Alex"]
[Black "Heinisch, Peter"]
[Result "1/2-1/2"]
[WhiteElo "1855"]
[BlackElo "1712"]
[PlyCount "123"]
[EventDate "2006.07.15"]
[EventType "swiss"]
[EventRounds "9"]
[EventCountry "CAN"]
[SourceTitle "CBM 113 Extra"]
[Source "ChessBase"]
[SourceDate "2006.09.14"]
[SourceVersion "1"]
[SourceVersionDate "2006.09.14"]
[SourceQuality "1"]

1. g4 e5 2. Bg2 d5 3. d3 Bxg4 4. c4 Bc5 5. cxd5 Qh4 6. Qa4+ Nd7 7. e3 Qh5 8. Nc3 0-0-0 9. Ne4 Bb6 10. h3 Bf5 11. Ng3 Qg6 12. e4 Nc5 13. exf5 Nxd3+ 14. Kd2 Nc5 15. fxg6 Nxa4 16. b3 Bd4 17. gxf7 Nh6 18. Rb1 Nc3 19. Kc2 Nxb1 20. Bxh6 Na3+ 21. Kc1 gxh6 22. Be4 Kb8 23. Nf5 Bxf2 24. Nf3 Rhf8 25. Nxe5 Bc5 26. Rf1 Nb5 27. Kc2 Nd6 28. Nxd6 Bxd6 29. Ng4 h5 30. Ne3 Rd7 31. Rf5 Rdxf7 32. Rxh5 Rf2+ 33. Kd3 Rxa2 34. Rxh7 Ra3 35. Kc4 b5+ 36. Kc3 a5 37. Nf5 Be5+ 38. Kc2 Ra2+ 39. Kc1 Re8 40. Ne7 Bd6 41. Nc6+ Kb7 42. Bc2 Re1+ 43. Kd2 Rf1 44. Kc3 Rc1 45. Nd4 Be5 46. Kd2 Rg1 47. Nf3 Rg2+ 48. Ke3 Bd6 49. Be4 Rgb2 50. Nd4 Kb6 51. Rh6 Kc5 52. Bd3 Bf4+ 53. Kxf4 Kxd4 54. Bxb5 Rxb3 55. Bc6 Rf2+ 56. Kg4 Rf7 57. h4 Rb1 58. Rh8 Rg1+ 59. Kh3 a4 60. Bxa4 Rf3+ 61. Kh2 Rfg3 62. Rh7 1/2-1/2

[Event "Canadian op U2000"]
[Site "Kitchener"]
[Date "2006.07.17"]
[Round "3"]
[White "Heinisch, Peter"]
[Black "Dragan, Cristian"]
[Result "1/2-1/2"]
[WhiteElo "1712"]
[BlackElo "1430"]
[PlyCount "30"]
[EventDate "2006.07.15"]
[EventType "swiss"]
[EventRounds "9"]
[EventCountry "CAN"]
[SourceTitle "CBM 113 Extra"]
[Source "ChessBase"]
[SourceDate "2006.09.14"]
[SourceVersion "1"]
[SourceVersionDate "2006.09.14"]
[SourceQuality "1"]

1. e4 e6 2. d4 d5 3. e5 c5 4. Nf3 Nc6 5. c3 Qb6 6. Be2 Nh6 7. 0-0 Nf5 8. dxc5 Bxc5 9. Qe1 0-0 10. b4 Be7 11. a4 a6 12. Bb2 d4 13. a5 Qa7 14. Na3 dxc3 15. Bxc3 b5 1/2-1/2